Les 10 meilleurs rappeurs de tous les temps. - Statistiques

Statistiques générales
  • Ce quiz a été pris 380 fois
  • Le résultat moyen est 3 sur 10
Statistiques - réponses
RANG RAPPEUR % Correct
10 Eminem
84%
5 Tupac
57%
6 Drake
54%
1 JAY-Z
39%
2 Kendrick Lamar
36%
7 Kanye West
29%
3 Lil Wayne
18%
9 Nas
17%
4 J.Cole
6%
8 Nicky Minaj
4%
Aucun quiz correspondant
Distribution des résultats
% des personnes avec chaque résultat
Percentile par nombre de réponses
Votre historique - résultats
Vous n’avez pas pris ce quiz